Análisis de factibilidad técnico-económico para un programa nacional de aceite de palma africana como combustible
Uloženo v:
| Hlavní autor: | |
|---|---|
| Médium: | Kniha |
| Vydáno: |
[San José , Costa Rica]
1983
|
| Témata: | |
| Tagy: |
Přidat tag
Žádné tagy, Buďte první, kdo vytvoří štítek k tomuto záznamu!
|
MARC
| LEADER | 00000nam a2200000Ia 4500 | ||
|---|---|---|---|
| 003 | 002383 | ||
| 005 | 20221231144413.0 | ||
| 008 | 140114s1984 c a m 000 ||s d | ||
| 040 | |c cru CEDI | ||
| 090 | |a TFG 1476 | ||
| 100 | |a Ureña Castro, Manuel Antonio |9 15009 | ||
| 245 | |a Análisis de factibilidad técnico-económico para un programa nacional de aceite de palma africana como combustible | ||
| 260 | |c 1983 |a [San José , Costa Rica] | ||
| 300 | |a 148 hojas : ilustraciones (algunas plegables) ; 27 cm | ||
| 500 | |a Proyecto de graduación (Ingeniero civil)--Universidad de Costa Rica. Facultad de Ingeniería. Escuela de Ingeniería Civil | ||
| 650 | |x ACEITE DE PALMA |x COMBUSTIBLES |x ANALISIS DE PROYECTOS ECONOMICOS |9 15010 | ||
| 942 | |c TFG |2 ddc | ||
| 999 | |c 21363 |d 21363 | ||
